<?xml version="1.0" encoding="UTF-8"?>
<record
    xmlns:xsi="http://www.w3.org/2001/XMLSchema-instance"
    xsi:schemaLocation="http://www.loc.gov/MARC21/slim http://www.loc.gov/standards/marcxml/schema/MARC21slim.xsd"
    xmlns="http://www.loc.gov/MARC21/slim">

  <leader>00300nam a2200133Ia 4500</leader>
  <controlfield tag="003">OSt</controlfield>
  <controlfield tag="005">20240315125311.0</controlfield>
  <controlfield tag="008">170523s9999    xx            000 0 und d</controlfield>
  <datafield tag="020" ind1=" " ind2=" ">
    <subfield code="a">978-0074631669</subfield>
  </datafield>
  <datafield tag="040" ind1=" " ind2=" ">
    <subfield code="c">IIMTU</subfield>
  </datafield>
  <datafield tag="100" ind1=" " ind2=" ">
    <subfield code="a">Hurlock-Elizabeth B</subfield>
  </datafield>
  <datafield tag="245" ind1=" " ind2="0">
    <subfield code="a">Child Development</subfield>
  </datafield>
  <datafield tag="942" ind1=" " ind2=" ">
    <subfield code="2">ddc</subfield>
    <subfield code="c">02</subfield>
  </datafield>
  <datafield tag="999" ind1=" " ind2=" ">
    <subfield code="c">11484</subfield>
    <subfield code="d">11484</subfield>
  </datafield>
  <datafield tag="952" ind1=" " ind2=" ">
    <subfield code="0">0</subfield>
    <subfield code="1">0</subfield>
    <subfield code="2">ddc</subfield>
    <subfield code="4">0</subfield>
    <subfield code="7">0</subfield>
    <subfield code="a">01</subfield>
    <subfield code="b">01</subfield>
    <subfield code="d">2017-05-30</subfield>
    <subfield code="l">4</subfield>
    <subfield code="p">01-B-113998</subfield>
    <subfield code="r">2023-02-11</subfield>
    <subfield code="s">2022-10-17</subfield>
    <subfield code="u">HOME SCIENCE</subfield>
    <subfield code="w">2017-05-30</subfield>
    <subfield code="y">02</subfield>
  </datafield>
  <datafield tag="952" ind1=" " ind2=" ">
    <subfield code="0">0</subfield>
    <subfield code="1">0</subfield>
    <subfield code="2">ddc</subfield>
    <subfield code="4">0</subfield>
    <subfield code="7">0</subfield>
    <subfield code="a">01</subfield>
    <subfield code="b">01</subfield>
    <subfield code="d">2017-05-30</subfield>
    <subfield code="l">4</subfield>
    <subfield code="p">01-B-113999</subfield>
    <subfield code="r">2023-02-11</subfield>
    <subfield code="s">2022-10-11</subfield>
    <subfield code="u">HOME SCIENCE</subfield>
    <subfield code="w">2017-05-30</subfield>
    <subfield code="y">02</subfield>
  </datafield>
  <datafield tag="952" ind1=" " ind2=" ">
    <subfield code="0">0</subfield>
    <subfield code="1">0</subfield>
    <subfield code="2">ddc</subfield>
    <subfield code="4">0</subfield>
    <subfield code="7">0</subfield>
    <subfield code="a">01</subfield>
    <subfield code="b">01</subfield>
    <subfield code="d">2017-05-30</subfield>
    <subfield code="l">6</subfield>
    <subfield code="p">01-B-114000</subfield>
    <subfield code="r">2023-02-10</subfield>
    <subfield code="s">2022-10-17</subfield>
    <subfield code="u">HOME SCIENCE</subfield>
    <subfield code="w">2017-05-30</subfield>
    <subfield code="y">02</subfield>
  </datafield>
  <datafield tag="952" ind1=" " ind2=" ">
    <subfield code="0">0</subfield>
    <subfield code="1">0</subfield>
    <subfield code="2">ddc</subfield>
    <subfield code="4">0</subfield>
    <subfield code="7">0</subfield>
    <subfield code="a">01</subfield>
    <subfield code="b">01</subfield>
    <subfield code="d">2017-05-30</subfield>
    <subfield code="l">6</subfield>
    <subfield code="p">01-B-114001</subfield>
    <subfield code="r">2024-03-28</subfield>
    <subfield code="s">2023-11-29</subfield>
    <subfield code="u">HOME SCIENCE</subfield>
    <subfield code="w">2017-05-30</subfield>
    <subfield code="y">02</subfield>
  </datafield>
  <datafield tag="952" ind1=" " ind2=" ">
    <subfield code="0">0</subfield>
    <subfield code="1">0</subfield>
    <subfield code="2">ddc</subfield>
    <subfield code="4">0</subfield>
    <subfield code="7">0</subfield>
    <subfield code="a">01</subfield>
    <subfield code="b">01</subfield>
    <subfield code="d">2017-05-30</subfield>
    <subfield code="l">3</subfield>
    <subfield code="p">01-B-114002</subfield>
    <subfield code="r">2023-02-11</subfield>
    <subfield code="s">2022-10-17</subfield>
    <subfield code="u">HOME SCIENCE</subfield>
    <subfield code="w">2017-05-30</subfield>
    <subfield code="y">02</subfield>
  </datafield>
  <datafield tag="952" ind1=" " ind2=" ">
    <subfield code="0">0</subfield>
    <subfield code="1">0</subfield>
    <subfield code="2">ddc</subfield>
    <subfield code="4">0</subfield>
    <subfield code="7">0</subfield>
    <subfield code="a">01</subfield>
    <subfield code="b">01</subfield>
    <subfield code="d">2017-05-30</subfield>
    <subfield code="l">5</subfield>
    <subfield code="p">01-B-114003</subfield>
    <subfield code="r">2023-02-10</subfield>
    <subfield code="s">2022-10-17</subfield>
    <subfield code="u">HOME SCIENCE</subfield>
    <subfield code="w">2017-05-30</subfield>
    <subfield code="y">02</subfield>
  </datafield>
  <datafield tag="952" ind1=" " ind2=" ">
    <subfield code="0">0</subfield>
    <subfield code="1">0</subfield>
    <subfield code="2">ddc</subfield>
    <subfield code="4">0</subfield>
    <subfield code="7">0</subfield>
    <subfield code="a">01</subfield>
    <subfield code="b">01</subfield>
    <subfield code="d">2017-05-30</subfield>
    <subfield code="l">7</subfield>
    <subfield code="p">01-B-114004</subfield>
    <subfield code="r">2024-02-06</subfield>
    <subfield code="s">2023-11-29</subfield>
    <subfield code="u">HOME SCIENCE</subfield>
    <subfield code="w">2017-05-30</subfield>
    <subfield code="y">02</subfield>
  </datafield>
  <datafield tag="952" ind1=" " ind2=" ">
    <subfield code="0">0</subfield>
    <subfield code="1">0</subfield>
    <subfield code="2">ddc</subfield>
    <subfield code="4">0</subfield>
    <subfield code="7">0</subfield>
    <subfield code="a">01</subfield>
    <subfield code="b">01</subfield>
    <subfield code="d">2017-05-30</subfield>
    <subfield code="l">7</subfield>
    <subfield code="p">01-B-114005</subfield>
    <subfield code="r">2024-02-22</subfield>
    <subfield code="s">2023-10-12</subfield>
    <subfield code="u">HOME SCIENCE</subfield>
    <subfield code="w">2017-05-30</subfield>
    <subfield code="y">02</subfield>
  </datafield>
  <datafield tag="952" ind1=" " ind2=" ">
    <subfield code="0">0</subfield>
    <subfield code="1">0</subfield>
    <subfield code="2">ddc</subfield>
    <subfield code="4">0</subfield>
    <subfield code="7">0</subfield>
    <subfield code="a">01</subfield>
    <subfield code="b">01</subfield>
    <subfield code="d">2017-05-30</subfield>
    <subfield code="l">8</subfield>
    <subfield code="p">01-B-114006</subfield>
    <subfield code="r">2024-02-26</subfield>
    <subfield code="s">2023-09-22</subfield>
    <subfield code="u">HOME SCIENCE</subfield>
    <subfield code="w">2017-05-30</subfield>
    <subfield code="y">02</subfield>
  </datafield>
  <datafield tag="952" ind1=" " ind2=" ">
    <subfield code="0">0</subfield>
    <subfield code="1">0</subfield>
    <subfield code="2">ddc</subfield>
    <subfield code="4">0</subfield>
    <subfield code="7">0</subfield>
    <subfield code="a">01</subfield>
    <subfield code="b">01</subfield>
    <subfield code="d">2017-05-30</subfield>
    <subfield code="l">4</subfield>
    <subfield code="p">01-B-114007</subfield>
    <subfield code="r">2024-02-20</subfield>
    <subfield code="s">2023-09-22</subfield>
    <subfield code="u">HOME SCIENCE</subfield>
    <subfield code="w">2017-05-30</subfield>
    <subfield code="y">02</subfield>
  </datafield>
</record>
